000 00744nam a2200289Ia 4500
005 20260324133502.0
008 008 260324s9999 xx 000 0 eng d
020 _a9781003576358
037 _aEBOOK
040 _aCRL
040 _beng
040 _cCRL
041 _2eng
041 _aeng
084 _qCRL
100 _aRaymond Bridwell
_91193282
245 0 _aHydroponic Gardening
245 0 _bHow To Grow Vital, Healthful Food Without Soil and insect Problems in Nutritionally Balanced Solutions
260 _bTaylor and Francis
260 _c2003
365 _a
365 _b400
856 _uhttp://www.taylorfrancis.com/books/9781003576358
942 _cEBOOK
999 _c1792350
_d1792350